Systém ochrany LAN
Saved in:
| Main Author: | |
|---|---|
| Other Authors: | |
| Format: | Manuscript Book |
| Language: | Slovak |
| Published: |
Bratislava :
STU v Bratislave FEI,
2024
|
| Subjects: | |
| Online Access: | https://opac.crzp.sk/?fn=detailBiblioFormChildICAJ4&sid=A6A9937D4AB687F47CCF8EA9E4AF&seo=CRZP-detail-kniha |
| Tags: |
No Tags, Be the first to tag this record!
|
MARC
| LEADER | 00000ntm a22000003a 4500 | ||
|---|---|---|---|
| 001 | stuzp95318 | ||
| 003 | SK-STU | ||
| 005 | 20250403122318.5 | ||
| 007 | ta | ||
| 008 | 150427s2015----xo-----f-mn---000-0-slo-d | ||
| 040 | |a STU |b slo | ||
| 041 | 0 | |a slo | |
| 044 | |a xo | ||
| 100 | 1 | |a Dzurko, Martin |u 035000 |4 aut |U FEI Fakulta elektrotechniky a informatiky |T FEI Ústav informatiky a matematiky |X 111218 |U E050 |Y 816 |7 111218 | |
| 242 | 0 | 1 | |a LAN Protection System |y eng |
| 245 | 1 | 0 | |a Systém ochrany LAN |
| 260 | |a Bratislava : |b STU v Bratislave FEI, |c 2024 | ||
| 300 | |a 53 s. | ||
| 650 | 4 | |a Informačná bezpečnosť |2 slo | |
| 650 | 4 | |a LAN |2 slo | |
| 650 | 4 | |a RADIUS |2 slo | |
| 650 | 4 | |a SIEM |2 slo | |
| 650 | 4 | |a VLAN |2 slo | |
| 650 | 4 | |a Sieťový monitoring |2 slo | |
| 650 | 4 | |a Information security |2 eng | |
| 650 | 4 | |a LAN |2 eng | |
| 650 | 4 | |a VLAN |2 eng | |
| 650 | 4 | |a RADIUS |2 eng | |
| 650 | 4 | |a Network monitoring |2 eng | |
| 650 | 4 | |a SIEM |2 eng | |
| 700 | 1 | |a Sigeti, Marek |4 ths |X 125597 |7 125597 | |
| 856 | 4 | |u https://opac.crzp.sk/?fn=detailBiblioFormChildICAJ4&sid=A6A9937D4AB687F47CCF8EA9E4AF&seo=CRZP-detail-kniha | |